|
|
|
|
| LEADER |
00000nam a22000007a 4500 |
| 005 |
20220517230241.0 |
| 007 |
cr|||| ||| |
| 008 |
220517s2021 es |||||s|||| 00||0 spa d |
| 020 |
|
|
|a 978-84-124193-5-1
|
| 035 |
|
|
|a 35654
|
| 040 |
|
|
|a vLex
|
| 090 |
|
|
|c 13360
|d 13360
|
| 100 |
1 |
|
|a Abada̕s Selma, Alfredo
|
| 245 |
1 |
0 |
|a Cuestiones penales a debate
|h [Recurso electrn̤ico] /
|c Alfredo Abada̕s Selma, Pere Simn̤ Castellano
|
| 256 |
|
|
|a Servicio en ln̕ea
|
| 260 |
|
|
|a Barcelona:
|b J.M. Bosch Editor,
|c 2021
|
| 300 |
|
|
|a 1 recurso electrn̤ico
|
| 500 |
|
|
|a La obra que el lector tiene entre manos es fruto de las discusiones y debates entre autores de la Academia y contrastados expertos, compartiendo los resultados de los encuentros entre estos en selectos foros y congresos. El trabajo se divide en dos partes claramente diferenciadas. La primera, de carc̀ter ms̀ bien doctrinal, interpreta la regulacin̤ de la responsabilidad penal de las personas jurd̕icas, no centradas en la valoracin̤ de las reformas de 2010 y 2015. La segunda, en cambio, es descriptiva y crt̕ica de algunas reformas de la parte especial, con un contenido heterogňeo. El reto de afrontar las reformas penales pendientes es mays︢culo si tenemos en cuenta ciertos t̕ems: un legislador acientf̕ico, una creciente confusin̤ de poderes (ejecutivo usurpando tareas del legislativo), el empobrecimiento del debate pb︢lico, la lucha por la credibilidad y el relato en las redes sociales y el empleo de las leyes y sus exposiciones de motivos, ahora prem̀bulos, como arma arrojadiza contra el enemigo polt̕ico. Sin embargo, por muchos que sean los impedimentos, las modificaciones no pueden esperar puesto que son muchos los m̀bitos que requieren reformas incluso a vueltas sl̤o por lo que se refiere a la calidad de la tčnica legislativa. En este escenario, lo mejor es afrontar los desafo̕s desde el conocimiento, y esta es precisamente la principal contribucin̤ a la que aspira con la mayor humildad posible el presente trabajo.
|
| 506 |
1 |
|
|a Disponible solo en los productos indicados
|d vLex Global
|d vLex Global (Academic Edition, excluding Law Schools)
|d vLex Global (U.S. Academic Edition, Law Schools)
|d vLex Global (U.S. Academic Edition, excluding Law Schools)
|d vLex Global (Academic Edition, Law Schools)
|
| 650 |
0 |
4 |
|a Derecho Penal
|z Espaą
|
| 650 |
0 |
4 |
|a Procedimiento Penal
|z Espaą
|
| 700 |
1 |
|
|a Castellano, Pere Simn̤
|
| 740 |
0 |
|
|a vLex Libros (Servicio en ln̕ea)
|
| 856 |
4 |
0 |
|u https://app.vlex.com/#/sources/35654
|z Acceso restringido
|
| 942 |
|
|
|c BOOK
|
| 999 |
0 |
|
|a Criminal Law
|
| 999 |
0 |
|
|a Criminal Procedure
|